[Event "XXVII Festival A"]
[Site "Arco ITA"]
[Date "2005.10.26"]
[Round "5"]
[White "Ricci, Alfredo"]
[Black "Bronznik, Valerij"]
[Result "0-1"]
[WhiteElo "2016"]
[BlackElo "2386"]
[PlyCount "73"]
[EventDate "2005.10.22"]

1. e4 c5 2. d4 cxd4 3. Nf3 Nc6 4. Nxd4 Nf6 5. Nc3 e5 6. Ndb5 d6 7. Bg5 a6 8.
Bxf6 gxf6 9. Na3 b5 10. Nd5 Bg7 11. Bd3 Ne7 12. c4 Nxd5 13. cxd5 f5 14. f3 fxe4
15. fxe4 Qh4+ 16. g3 Qh3 17. Bf1 Qh6 18. Qc1 Qg6 19. Qc6+ Ke7 20. Bd3 Bd7 21.
Qb6 Rhc8 22. O-O Rc5 23. Rf3 Rac8 24. Raf1 Rc1 25. Kg2 Rxf1 26. Rxf1 Qh6 27. h4
Rc5 28. Be2 Qe3 29. Rf2 Qxe4+ 30. Bf3 Qf5 31. g4 Qd3 32. Qb7 e4 33. Be2 Qxd5
34. Qxa6 h5 35. b4 Rc1 36. gxh5 Qe6 37. Kg3 0-1

[Event "XXVII Festival A"]
[Site "Arco ITA"]
[Date "2005.10.26"]
[Round "5"]
[White "Sautto, Alessandra"]
[Black "Scotti, Umberto"]
[Result "1/2-1/2"]
[WhiteElo "1939"]
[BlackElo "2182"]
[PlyCount "113"]
[EventDate "2005.10.22"]

1. d4 d5 2. Nf3 e6 3. Bf4 f5 4. e3 Nf6 5. Nbd2 Be7 6. Be2 O-O 7. h3 Ne4 8. Nxe4
fxe4 9. Ne5 Bd7 10. O-O Nc6 11. Nxd7 Qxd7 12. Bg4 Bf6 13. Bg3 Ne7 14. c4 c6 15.
c5 Nf5 16. Bxf5 exf5 17. Bd6 Be7 18. Be5 Qe6 19. b4 Rf7 20. f4 exf3 21. Qxf3 g6
22. Rfe1 Re8 23. a4 Bf6 24. Bd6 Bg5 25. Bf4 Bxf4 26. Qxf4 Rfe7 27. b5 Qf6 28.
bxc6 bxc6 29. Qf2 f4 30. Rf1 Rxe3 31. Qxf4 Qxf4 32. Rxf4 Rd3 33. Rb1 Rf8 34.
Rxf8+ Kxf8 35. Rb7 Rxd4 36. Rxa7 Rc4 37. a5 Rxc5 38. a6 Ra5 39. Ra8+ Kg7 40. a7
Ra2 41. Kf1 c5 42. Ke1 d4 43. Rc8 Rxa7 44. Rxc5 Ra2 45. Rd5 Rxg2 46. Rxd4 Rh2
47. Rd3 Kf6 48. Kf1 Kg5 49. Kg1 Rb2 50. Rc3 Kh4 51. Rd3 g5 52. Rc3 h5 53. Rd3
g4 54. hxg4 hxg4 55. Rc3 Kg5 56. Rc5+ Kf4 57. Rc3 1/2-1/2

[Event "XXVII Festival A"]
[Site "Arco ITA"]
[Date "2005.10.26"]
[Round "5"]
[White "Scharrer, Patrick"]
[Black "Schrott, Ernst"]
[Result "1-0"]
[WhiteElo "2210"]
[BlackElo "1970"]
[PlyCount "93"]
[EventDate "2005.10.22"]

1. e4 c5 2. Nc3 e6 3. f4 Nc6 4. Nf3 d6 5. Bc4 Nf6 6. d3 Be7 7. O-O a6 8. a4 O-O
9. Qe1 Nd4 10. Nxd4 cxd4 11. Ne2 d5 12. exd5 Nxd5 13. Qf2 Bc5 14. c3 Ne7 15.
Kh1 Nf5 16. cxd4 Ba7 17. Qf3 Re8 18. Bd2 Nxd4 19. Nxd4 Bxd4 20. Bc3 Qf6 21.
Rac1 Rb8 22. Qe4 Bxc3 23. bxc3 b5 24. axb5 axb5 25. Bd5 Ba6 26. Bb3 Bb7 27. Qe2
Red8 28. d4 Ra8 29. Rb1 b4 30. cxb4 Rxd4 31. f5 exf5 32. Qf2 Rg4 33. Rg1 h5 34.
Bd1 Rh4 35. Bf3 Bxf3 36. Qxf3 Ra2 37. b5 Raa4 38. h3 Raf4 39. Qa8+ Kh7 40. b6
Rf2 41. Qd5 Rb2 42. Rxb2 Qxb2 43. Qxf5+ Kg8 44. Qc8+ Kh7 45. Qf5+ g6 46. Qxf7+
Kh6 47. Qf8+ 1-0

[Event "XXVII Festival A"]
[Site "Arco ITA"]
[Date "2005.10.26"]
[Round "5"]
[White "Stolfa, Rodolfo"]
[Black "Greevenbosch, Cornelis"]
[Result "1/2-1/2"]
[WhiteElo "1700"]
[BlackElo "2078"]
[PlyCount "32"]
[EventDate "2005.10.22"]

1. d4 f5 2. g3 Nf6 3. Bg2 e6 4. c4 Be7 5. Nf3 O-O 6. Nc3 d5 7. cxd5 exd5 8. O-O
c6 9. a3 Ne4 10. Ne5 Nd7 11. f4 Ndf6 12. Qc2 Qe8 13. b4 Bd6 14. Nxe4 fxe4 15.
e3 Bd7 16. Ra2 Qe7 1/2-1/2

[Event "XXVII Festival A"]
[Site "Arco ITA"]
[Date "2005.10.26"]
[Round "5"]
[White "Stubberud, Ornulf"]
[Black "Mazet, Julien"]
[Result "0-1"]
[WhiteElo "2095"]
[BlackElo "2250"]
[PlyCount "54"]
[EventDate "2005.10.22"]

1. c4 e6 2. Nf3 d5 3. b3 Nf6 4. Bb2 Be7 5. d4 O-O 6. e3 a5 7. Nbd2 a4 8. Bd3 c5
9. Rc1 cxd4 10. exd4 Nc6 11. O-O axb3 12. axb3 Nb4 13. Bb1 Na2 14. Rc2 Nb4 15.
Rc1 Bd7 16. Ne5 dxc4 17. Ndxc4 Bc6 18. Rc3 Be4 19. Rh3 Nbd5 20. f4 b5 21. Nd2
Bxb1 22. Qxb1 Ba3 23. Ba1 Bb4 24. Qd3 Rxa1 25. Rxa1 Nxf4 26. Qe3 Nxh3+ 27. gxh3
Nd5 0-1

[Event "XXVII Festival A"]
[Site "Arco ITA"]
[Date "2005.10.26"]
[Round "5"]
[White "Wagman, Stuart"]
[Black "Blasco, Domenico"]
[Result "1-0"]
[WhiteElo "2124"]
[BlackElo "1994"]
[PlyCount "59"]
[EventDate "2005.10.22"]

1. e4 g6 2. d4 Bg7 3. Nf3 c6 4. Be2 d5 5. Nc3 Nh6 6. O-O O-O 7. Bf4 f6 8. e5
Nf7 9. exf6 exf6 10. a4 Bg4 11. h3 Bxf3 12. Bxf3 Nd7 13. a5 f5 14. Na4 Qf6 15.
c3 Rfe8 16. Qb3 Nd8 17. Bc7 Ne6 18. Qxb7 Rec8 19. Qxc6 Ndf8 20. Qxd5 Qg5 21.
Nc5 Kh8 22. Nxe6 Nxe6 23. Qxe6 Re8 24. Qd6 Rac8 25. Bb7 Bf8 26. Qd7 Rcd8 27.
Bxd8 Rxd8 28. Qc6 Bd6 29. f4 Bxf4 30. Rxf4 1-0

[Event "XXVII Festival A"]
[Site "Arco ITA"]
[Date "2005.10.26"]
[Round "5"]
[White "Wohl, Aleksandar H."]
[Black "Most, Zdenek"]
[Result "1-0"]
[WhiteElo "2439"]
[BlackElo "2161"]
[PlyCount "55"]
[EventDate "2005.10.22"]

1. e4 c5 2. Nf3 d6 3. c3 Nf6 4. Bd3 Nc6 5. O-O g6 6. Bc2 Bg7 7. h3 O-O 8. d4
cxd4 9. cxd4 d5 10. e5 Ne8 11. Nc3 Nc7 12. Be3 f6 13. exf6 exf6 14. Qd2 Kh8 15.
Rfe1 Be6 16. h4 Qd7 17. Bf4 Rac8 18. Bb3 Bf7 19. Rac1 Rfe8 20. a3 Rxe1+ 21.
Rxe1 Bf8 22. Bxc7 Rxc7 23. Qf4 Rc8 24. Qxf6+ Bg7 25. Qf4 Na5 26. Ne5 Bxe5 27.
Qxe5+ Kg8 28. Nxd5 1-0

[Event "XXVII Festival A"]
[Site "Arco ITA"]
[Date "2005.10.26"]
[Round "5"]
[White "Zucchelli, Massimo"]
[Black "Danielsen, Magnus"]
[Result "1/2-1/2"]
[WhiteElo "2162"]
[BlackElo "1961"]
[PlyCount "97"]
[EventDate "2005.10.22"]

1. d4 Nf6 2. c4 e6 3. Nf3 d5 4. Nc3 Be7 5. cxd5 exd5 6. Bg5 O-O 7. e3 h6 8. Bh4
b6 9. Bd3 Bb7 10. O-O Nbd7 11. Rc1 c5 12. Re1 Ne4 13. Bxe7 Qxe7 14. Bb1 Rfd8
15. dxc5 Ndxc5 16. Ne2 Rac8 17. Ned4 a6 18. a3 Nd6 19. Nf5 Nxf5 20. Bxf5 Ne6
21. Rxc8 Rxc8 22. Qd2 Rc7 23. Nd4 Nc5 24. f3 Qf6 25. Bb1 Ne6 26. Ne2 Rd7 27.
Rd1 Nc7 28. Ba2 Qe5 29. Qd4 Qxd4 30. Nxd4 Ne6 31. Ne2 Nc7 32. Kf2 Kf8 33. Nc3
Bc6 34. Ne2 Nb5 35. h4 Ke7 36. Nd4 Nxd4 37. Rxd4 a5 38. Ke1 Kd6 39. Kd2 Kc5 40.
Kc3 Re7 41. b4+ axb4+ 42. axb4+ Kd6 43. e4 Re5 44. f4 Rxe4 45. Rxe4 dxe4 46.
Bxf7 e3 47. g3 Bb5 48. Bg6 Kd5 49. Bf5 1/2-1/2

[Event "XXVII Festival A"]
[Site "Arco ITA"]
[Date "2005.10.27"]
[Round "6"]
[White "Aagaard, Jacob"]
[Black "Isonzo, David"]
[Result "1-0"]
[WhiteElo "2452"]
[BlackElo "2337"]
[PlyCount "127"]
[EventDate "2005.10.22"]

1. e4 c5 2. Nf3 Nc6 3. d4 cxd4 4. Nxd4 g6 5. c4 Nf6 6. Nc3 d6 7. Nc2 Bg7 8. Be2
Nd7 9. Bd2 Nc5 10. O-O O-O 11. b4 Ne6 12. Rc1 a5 13. a3 axb4 14. axb4 Ned4 15.
Nxd4 Nxd4 16. Be3 e5 17. Nb5 Nxb5 18. cxb5 Be6 19. b6 Qh4 20. Bf3 Rfd8 21. Rc7
Rab8 22. g3 Qf6 23. h4 h6 24. h5 gxh5 25. Bxh5 d5 26. exd5 Rxd5 27. Qf3 e4 28.
Qxf6 Bxf6 29. Be2 Be5 30. Bc4 Rd6 31. Bc5 Rc6 32. Rxc6 Bxc4 33. Rc1 Be6 34.
Rxe6 fxe6 35. Be3 Rd8 36. Rc4 h5 37. Rxe4 Rd5 38. Rc4 Rd7 39. Rh4 Rh7 40. Re4
Bc3 41. Rxe6 Bxb4 42. Re8+ Kf7 43. Re4 Bd6 44. Kg2 Rh8 45. Kh3 Ra8 46. Rh4 Ra5
47. Rc4 Ke6 48. Rc8 Kd7 49. Rh8 Rb5 50. Rh7+ Be7 51. Bd4 Ke6 52. Rh8 Rd5 53.
Be3 Bd6 54. Rg8 Be7 55. Rb8 Rd7 56. Rc8 Bd8 57. Bc5 Rd5 58. Be3 Rd7 59. Kg2 Rd5
60. Rb8 Rd7 61. Kf3 Kf5 62. Ra8 Rd5 63. Rc8 Rd1 64. Rc7 1-0

[Event "XXVII Festival A"]
[Site "Arco ITA"]
[Date "2005.10.27"]
[Round "6"]
[White "Agdestein, Simen"]
[Black "Ivanov, Mikhail M."]
[Result "1-0"]
[WhiteElo "2582"]
[BlackElo "2457"]
[PlyCount "81"]
[EventDate "2005.10.22"]

1. d4 d5 2. c4 c6 3. Nc3 Nf6 4. e3 g6 5. Nf3 Bg7 6. Bd3 O-O 7. O-O Bg4 8. h3
Bxf3 9. Qxf3 e6 10. Rd1 Nbd7 11. b3 Re8 12. Bb2 Qa5 13. Qe2 Rad8 14. a3 e5 15.
b4 Qc7 16. dxe5 Nxe5 17. cxd5 cxd5 18. Rac1 Qb8 19. Qf1 d4 20. exd4 Neg4 21. g3
Nxf2 22. Qxf2 Ng4 23. hxg4 Bxd4 24. Ne4 Bxf2+ 25. Kxf2 Rd6 26. Nf6+ Kf8 27.
Nxh7+ Ke7 28. Ng5 Red8 29. Re1+ Kf8 30. Be5 b5 31. Re3 Qb6 32. Bxd6+ Rxd6 33.
Rc5 Qd8 34. Bxb5 Rd2+ 35. Be2 Kg7 36. Nf3 Ra2 37. g5 Qd1 38. Rc8 Qd6 39. Ree8
Qb6+ 40. Kf1 Ra1+ 41. Kg2 1-0

[Event "XXVII Festival A"]
[Site "Arco ITA"]
[Date "2005.10.27"]
[Round "6"]
[White "Allegranti, Luca"]
[Black "Zucchelli, Massimo"]
[Result "1/2-1/2"]
[WhiteElo "2024"]
[BlackElo "2162"]
[PlyCount "32"]
[EventDate "2005.10.22"]

1. d4 d5 2. Nf3 Nf6 3. e3 g6 4. Bd3 Bg7 5. Nbd2 Nbd7 6. O-O O-O 7. Qe2 c5 8. c3
Qc7 9. Rd1 b6 10. e4 dxe4 11. Nxe4 Bb7 12. dxc5 Nxc5 13. Nxc5 bxc5 14. Bg5 Rad8
15. Re1 e6 16. Rad1 h6 1/2-1/2

[Event "XXVII Festival A"]
[Site "Arco ITA"]
[Date "2005.10.27"]
[Round "6"]
[White "Astengo, Corrado"]
[Black "De Santis, Alessio"]
[Result "0-1"]
[WhiteElo "2105"]
[BlackElo "2331"]
[PlyCount "86"]
[EventDate "2005.10.22"]

1. e4 c5 2. Nf3 e6 3. d4 cxd4 4. Nxd4 a6 5. Nc3 Qc7 6. Bd3 Nf6 7. O-O Bc5 8.
Nb3 Be7 9. Be3 d6 10. a4 Nc6 11. a5 Nd7 12. f4 Nc5 13. Nxc5 dxc5 14. Qg4 Kf8
15. Kh1 h5 16. Qh3 Kg8 17. f5 Bd6 18. Qh4 Ne5 19. Bf4 Bd7 20. Rad1 Re8 21. Be2
Bc6 22. f6 Ng6 23. Bxd6 Qxd6 24. Rxd6 Nxh4 25. Bxa6 gxf6 26. Rxf6 Nf5 27. exf5
Kg7 28. Rfxe6 fxe6 29. fxe6 Rd8 30. Rxc6 bxc6 31. Bb7 Rb8 32. a6 Rxb7 33. axb7
Rb8 34. Ne4 Rxb7 35. b3 c4 36. Nd6 cxb3 37. cxb3 Rxb3 38. h3 Rb1+ 39. Kh2 Kf6
40. e7 Kxe7 41. Nf5+ Ke6 42. Ng7+ Ke5 43. Nxh5 c5 0-1

[Event "XXVII Festival A"]
[Site "Arco ITA"]
[Date "2005.10.27"]
[Round "6"]
[White "Bergvoll, Mats"]
[Black "Bartonicek, Zdenek sr"]
[Result "1/2-1/2"]
[WhiteElo "1944"]
[BlackElo "2097"]
[PlyCount "78"]
[EventDate "2005.10.22"]

1. e4 c5 2. Nf3 d6 3. d4 cxd4 4. Nxd4 Nf6 5. Nc3 a6 6. Bg5 e6 7. f4 Be7 8. Qf3
Nbd7 9. g4 Qc7 10. O-O-O b5 11. Bxf6 gxf6 12. f5 Ne5 13. Qh3 Bd7 14. fxe6 fxe6
15. Qh5+ Kd8 16. Nce2 Ng6 17. Qh3 Rc8 18. c3 b4 19. g5 bxc3 20. Nxc3 Nf4 21.
Qg4 fxg5 22. h4 h5 23. Qg3 e5 24. Nf5 Bxf5 25. exf5 d5 26. Kb1 d4 27. Bxa6 Rb8
28. Rh2 gxh4 29. Qg7 Rf8 30. Nb5 Qc5 31. Rc2 Qd5 32. Rdc1 Rf7 33. Qh8+ Rf8 34.
Rc8+ Rxc8 35. Rxc8+ Kd7 36. Rc7+ Kd8 37. Rc8+ Kd7 38. Rc7+ Ke8 39. Rc8+ Kd7
1/2-1/2

[Event "XXVII Festival A"]
[Site "Arco ITA"]
[Date "2005.10.27"]
[Round "6"]
[White "Bronznik, Valerij"]
[Black "Luther, Thomas"]
[Result "1/2-1/2"]
[WhiteElo "2386"]
[BlackElo "2569"]
[PlyCount "49"]
[EventDate "2005.10.22"]

1. d4 e6 2. Nf3 d5 3. e3 Nf6 4. Bd3 c5 5. c3 Nc6 6. Nbd2 Bd6 7. O-O O-O 8. dxc5
Bxc5 9. e4 Qc7 10. Qe2 Ng4 11. exd5 exd5 12. h3 Nf6 13. Nb3 Re8 14. Bxh7+ Kh8
15. Qc2 Bxf2+ 16. Qxf2 Nxh7 17. Nbd4 Nxd4 18. Nxd4 Be6 19. Bf4 Qd7 20. Qg3 f6
21. Rad1 Bf7 22. Bc1 Re5 23. Bf4 Re4 24. Bc1 Re5 25. Bf4 1/2-1/2

[Event "XXVII Festival A"]
[Site "Arco ITA"]
[Date "2005.10.27"]
[Round "6"]
[White "Cazzaniga, Walter"]
[Black "Schacher, Gerd"]
[Result "0-1"]
[WhiteElo "2104"]
[BlackElo "2258"]
[PlyCount "94"]
[EventDate "2005.10.22"]

1. d4 Nf6 2. c4 c5 3. d5 b5 4. cxb5 a6 5. bxa6 g6 6. Nc3 Bxa6 7. Nf3 d6 8. g3
Bg7 9. Bg2 Nbd7 10. O-O Nb6 11. Re1 O-O 12. Rb1 Bc4 13. e4 Bxa2 14. Nxa2 Rxa2
15. Bf1 Qc7 16. b3 Ng4 17. Re2 Rfa8 18. Bb2 Nd7 19. Bxg7 Kxg7 20. h3 Nge5 21.
Nxe5 Nxe5 22. Kg2 Qb6 23. Reb2 Qb4 24. Qc2 Rxb2 25. Rxb2 Qd4 26. f4 Nd7 27. Rb1
Nf6 28. Kf3 Ra1 29. Bd3 Ra2 30. Qxa2 Qxd3+ 31. Kg2 Nxe4 32. Rf1 Qxg3+ 33. Kh1
Qxh3+ 34. Kg1 Qe3+ 35. Kg2 Nc3 36. Qf2 Nxd5 37. f5 Qe4+ 38. Kh2 Ne3 39. f6+ Kf8
40. fxe7+ Qxe7 41. Rg1 Qe5+ 42. Kh3 Qe6+ 43. Kh4 Nf5+ 44. Kg5 Qe4 45. Re1 h6+
46. Kf6 Ne7 47. Rxe4 Ng8# 0-1

[Event "XXVII Festival A"]
[Site "Arco ITA"]
[Date "2005.10.27"]
[Round "6"]
[White "Coimbra, Margarida"]
[Black "Bozzao, Francesco"]
[Result "1/2-1/2"]
[WhiteElo "2084"]
[BlackElo "1941"]
[PlyCount "32"]
[EventDate "2005.10.22"]

1. e4 c5 2. Nc3 Nc6 3. g3 g6 4. d3 Bg7 5. Be3 d6 6. Qd2 Rb8 7. Bg2 Bd7 8. Nge2
b5 9. O-O Nd4 10. Nc1 Qc8 11. Nd1 Bh3 12. c3 Bxg2 13. Kxg2 Nc6 14. Ne2 Ne5 15.
h3 Qb7 16. f4 Nd7 1/2-1/2

[Event "XXVII Festival A"]
[Site "Arco ITA"]
[Date "2005.10.27"]
[Round "6"]
[White "Dalponte, Dino"]
[Black "Fossum, Oystein Boyum"]
[Result "1/2-1/2"]
[WhiteElo "2101"]
[BlackElo "2247"]
[PlyCount "86"]
[EventDate "2005.10.22"]

1. d4 c5 2. e3 e6 3. c3 Nf6 4. Bd3 b6 5. Qe2 Bb7 6. Nf3 Be7 7. Nbd2 O-O 8. e4
cxd4 9. cxd4 Nc6 10. a3 d6 11. O-O Nd7 12. b4 a6 13. Bb2 b5 14. Nb3 e5 15. d5
Na7 16. Na5 Qb8 17. Rac1 Bd8 18. Nxb7 Qxb7 19. Nd2 Bb6 20. Kh1 Rac8 21. Qg4
Rxc1 22. Rxc1 Bxf2 23. Rf1 Bd4 24. Bc1 Be3 25. Qf3 Bf4 26. g3 Bh6 27. Nb3 Bxc1
28. Rxc1 Rc8 29. Rxc8+ Qxc8 30. Bf1 Nf6 31. Qd3 Qc7 32. h3 g6 33. Kh2 Kg7 34.
Nd2 Qb8 35. Bg2 Nd7 36. Qc3 Qb7 37. Nb3 Qb6 38. Na5 h6 39. Nc6 Qc7 40. Qc2 Nxc6
41. Qxc6 Qa7 42. Qxd6 h5 43. Qe7 Qc7 1/2-1/2

[Event "XXVII Festival A"]
[Site "Arco ITA"]
[Date "2005.10.27"]
[Round "6"]
[White "Danielsen, Magnus"]
[Black "Wagman, Stuart"]
[Result "0-1"]
[WhiteElo "1961"]
[BlackElo "2124"]
[PlyCount "55"]
[EventDate "2005.10.22"]

1. e4 e5 2. Nf3 Nc6 3. d4 exd4 4. Bc4 Nf6 5. e5 d5 6. Bb5 Ne4 7. Nxd4 Bc5 8.
Be3 Bd7 9. Bxc6 bxc6 10. O-O Bb6 11. f3 Ng5 12. f4 Ne6 13. f5 Nxd4 14. Bxd4 Qh4
15. c3 O-O-O 16. b4 Qe4 17. a4 Qxe5 18. Qd3 Rhe8 19. a5 Bxd4+ 20. cxd4 Qe3+ 21.
Qxe3 Rxe3 22. Nd2 Rd3 23. Nf3 g6 24. g4 Re8 25. Kf2 Re4 26. h3 Rb3 27. Rab1
Ree3 28. Kg2 0-1

[Event "XXVII Festival A"]
[Site "Arco ITA"]
[Date "2005.10.27"]
[Round "6"]
[White "Dittmar, Peter"]
[Black "Scharrer, Patrick"]
[Result "1-0"]
[WhiteElo "2322"]
[BlackElo "2210"]
[PlyCount "81"]
[EventDate "2005.10.22"]

1. Nf3 g6 2. c4 Bg7 3. Nc3 d6 4. g3 Nf6 5. Bg2 O-O 6. O-O Nc6 7. Rb1 e5 8. b4
Bf5 9. d3 Qc8 10. b5 Ne7 11. Qc2 Bh3 12. Bg5 Bxg2 13. Kxg2 h6 14. Bxf6 Bxf6 15.
Nd5 Nxd5 16. cxd5 Re8 17. Rfc1 Bd8 18. Rb4 Qd7 19. Qb3 f5 20. Rbc4 Rf8 21. a4
g5 22. h3 g4 23. hxg4 fxg4 24. Nh2 h5 25. Re4 Bg5 26. Rf1 Rf5 27. f3 Raf8 28.
Qc4 Qg7 29. Kh1 Bh6 30. Qa2 Kh8 31. Rg1 Rg5 32. fxg4 hxg4 33. Kg2 Qg6 34. Qc4
Qf7 35. Nxg4 Rxg4 36. Rxg4 Qf2+ 37. Kh1 Qxe2 38. Qe4 Qd2 39. Qg6 Qe3 40. Rh4
Qf3+ 41. Kh2 1-0

[Event "XXVII Festival A"]
[Site "Arco ITA"]
[Date "2005.10.27"]
[Round "6"]
[White "Greevenbosch, Cornelis"]
[Black "Loi, Andrea"]
[Result "1/2-1/2"]
[WhiteElo "2078"]
[BlackElo "1829"]
[PlyCount "31"]
[EventDate "2005.10.22"]

1. e4 d5 2. exd5 Qxd5 3. Nc3 Qa5 4. d4 c6 5. Nf3 Bg4 6. Be2 Nf6 7. O-O e6 8.
Ne5 Bxe2 9. Qxe2 Be7 10. Bf4 Nd5 11. Nxd5 cxd5 12. c4 O-O 13. Rfd1 Nc6 14. Nxc6
bxc6 15. a3 Bf6 16. b4 1/2-1/2

[Event "XXVII Festival A"]
[Site "Arco ITA"]
[Date "2005.10.27"]
[Round "6"]
[White "Knors, Rudi"]
[Black "Moratto, Davide"]
[Result "1/2-1/2"]
[WhiteElo "2075"]
[BlackElo "1729"]
[PlyCount "46"]
[EventDate "2005.10.22"]

1. d4 Nf6 2. Bg5 e6 3. Nf3 b6 4. e3 Bb7 5. Bd3 Be7 6. O-O d6 7. Nbd2 Nbd7 8.
Qe2 a5 9. c3 Nd5 10. Bxe7 Qxe7 11. c4 Nb4 12. Bb1 O-O 13. a3 Na6 14. Qd3 f5 15.
e4 f4 16. e5 g6 17. Re1 dxe5 18. Nxe5 Nxe5 19. Rxe5 Rf5 20. Rxf5 exf5 21. Ba2
Rd8 22. Qc3 Kg7 23. d5+ Qf6 1/2-1/2

[Event "XXVII Festival A"]
[Site "Arco ITA"]
[Date "2005.10.27"]
[Round "6"]
[White "Kvisla, Johannes Luangtep"]
[Black "Bossoni, Mario"]
[Result "1/2-1/2"]
[WhiteElo "2123"]
[BlackElo "1978"]
[PlyCount "59"]
[EventDate "2005.10.22"]

1. e4 c5 2. Nc3 Nc6 3. f4 g6 4. Nf3 Bg7 5. a3 e6 6. b4 cxb4 7. axb4 Nd4 8. e5
Nxf3+ 9. Qxf3 Ne7 10. b5 O-O 11. Ba3 Nf5 12. Bxf8 Bxf8 13. Bd3 Nd4 14. Qh3 d5
15. Na4 Bd7 16. O-O Nxb5 17. Kh1 Rc8 18. Rfb1 a6 19. c3 Bc6 20. Nb2 Na3 21. Rf1
Nc4 22. Nxc4 dxc4 23. Bxc4 Qxd2 24. Bb3 Be4 25. c4 Qb2 26. Ra2 Bxg2+ 27. Qxg2
Qxb3 28. Rb2 Qxc4 29. Rxb7 Rd8 30. Rb2 1/2-1/2

[Event "XXVII Festival A"]
[Site "Arco ITA"]
[Date "2005.10.27"]
[Round "6"]
[White "Larsen Hagen, Brede Andre"]
[Black "Stubberud, Ornulf"]
[Result "0-1"]
[WhiteElo "1951"]
[BlackElo "2095"]
[PlyCount "60"]
[EventDate "2005.10.22"]

1. e4 c5 2. Nf3 e6 3. d4 cxd4 4. Nxd4 a6 5. Nc3 b5 6. g3 Bb7 7. Bg2 Nf6 8. Qe2
b4 9. Na4 Qa5 10. b3 Nc6 11. Be3 Nxd4 12. Bxd4 e5 13. Be3 Nxe4 14. Bxe4 Bxe4
15. f3 Bc6 16. Nb6 Rb8 17. Nc4 Qb5 18. Rd1 f6 19. Nd6+ Bxd6 20. Rxd6 O-O 21.
Kf2 Qa5 22. Ra1 f5 23. Qc4+ Kh8 24. Bd2 f4 25. gxf4 exf4 26. Qd4 Qh5 27. Bxb4
Qxh2+ 28. Kf1 Bxf3 29. Qc4 Qg2+ 30. Ke1 Rfe8+ 0-1

[Event "XXVII Festival A"]
[Site "Arco ITA"]
[Date "2005.10.27"]
[Round "6"]
[White "Manca, Federico"]
[Black "Wohl, Aleksandar H."]
[Result "1/2-1/2"]
[WhiteElo "2408"]
[BlackElo "2439"]
[PlyCount "84"]
[EventDate "2005.10.22"]

1. e4 c5 2. c3 e5 3. Nf3 Nc6 4. Bc4 Nf6 5. Ng5 d5 6. exd5 Na5 7. Bb5+ Bd7 8.
Qa4 a6 9. Bxd7+ Nxd7 10. Ne6 b5 11. Nxd8 bxa4 12. Nc6 Nxc6 13. dxc6 Nb6 14. d3
O-O-O 15. Ke2 Be7 16. c4 Rd6 17. Nc3 Rhd8 18. Rd1 f5 19. Be3 Rxc6 20. b3 Bf6
21. Rac1 axb3 22. axb3 Kc7 23. f3 Rb8 24. g4 f4 25. Bf2 Nd7 26. Rb1 Kd6 27.
Ne4+ Ke6 28. Kd2 Bd8 29. Kc2 Ba5 30. Ra1 Bb4 31. Ra2 Nf6 32. h4 Rd8 33. Raa1
Nxe4 34. dxe4 Rd4 35. Bxd4 exd4 36. Kd3 Ke5 37. Ra4 Rb6 38. Rda1 a5 39. Rc1 Rb7
40. Ra2 Rb6 41. Ra4 Rb7 42. Ra2 Rb6 1/2-1/2

[Event "XXVII Festival A"]
[Site "Arco ITA"]
[Date "2005.10.27"]
[Round "6"]
[White "Marchand, Francois"]
[Black "Sprea, Giuseppe"]
[Result "0-1"]
[WhiteElo "2269"]
[BlackElo "2018"]
[PlyCount "64"]
[EventDate "2005.10.22"]

1. d4 Nf6 2. c4 e6 3. Nf3 b6 4. g3 Bb7 5. Bg2 Be7 6. O-O O-O 7. Nc3 Ne4 8. Qc2
Nxc3 9. Qxc3 c5 10. dxc5 bxc5 11. Rd1 Qc8 12. Bf4 d5 13. cxd5 exd5 14. Rac1 Na6
15. Ne5 g5 16. Bxd5 Bxd5 17. Rxd5 Qe6 18. Rcd1 gxf4 19. gxf4 Bf6 20. Kh1 Kh8
21. Rg1 Rg8 22. Rxg8+ Rxg8 23. Rd1 Rc8 24. a3 c4 25. Rd4 Bxe5 26. fxe5 Rg8 27.
Rd6 Qf5 28. e6+ f6 29. Qd4 Nc5 30. e7 Qb1+ 31. Qd1 Ne4 32. h4 Qxd1+ 0-1

[Event "XXVII Festival A"]
[Site "Arco ITA"]
[Date "2005.10.27"]
[Round "6"]
[White "Mazet, Julien"]
[Black "Crea, Vincenzo"]
[Result "1-0"]
[WhiteElo "2250"]
[BlackElo "2082"]
[PlyCount "69"]
[EventDate "2005.10.22"]

1. d4 d5 2. Nf3 c6 3. c4 Nf6 4. e3 Bf5 5. cxd5 cxd5 6. Nc3 Nc6 7. Ne5 Bd7 8.
Bd3 e6 9. O-O Bd6 10. f4 Rc8 11. Bd2 a6 12. Qe2 b5 13. a4 b4 14. Na2 a5 15. Nc1
O-O 16. Nb3 Be8 17. Rfc1 Ne4 18. Ba6 Rc7 19. Be1 f6 20. Nxc6 Rxc6 21. Bb5 Rxc1
22. Rxc1 Qb6 23. Bxe8 Rxe8 24. Qc2 e5 25. fxe5 fxe5 26. Qc6 Qxc6 27. Rxc6 exd4
28. exd4 Bf4 29. g3 Be3+ 30. Kf1 Ng5 31. Bd2 Nf3 32. Bxe3 Rxe3 33. Rc8+ Kf7 34.
Nxa5 Rd3 35. Ke2 1-0

[Event "XXVII Festival A"]
[Site "Arco ITA"]
[Date "2005.10.27"]
[Round "6"]
[White "Most, Zdenek"]
[Black "Ricci, Alfredo"]
[Result "0-1"]
[WhiteElo "2161"]
[BlackElo "2016"]
[PlyCount "114"]
[EventDate "2005.10.22"]

1. e4 c5 2. Nf3 Nc6 3. d4 cxd4 4. Nxd4 e5 5. Nb5 d6 6. c4 a6 7. N5c3 Nf6 8. Bg5
Be7 9. Bxf6 Bxf6 10. Nd5 O-O 11. Nbc3 Bg5 12. Bd3 Be6 13. O-O Ne7 14. Qh5 Nxd5
15. exd5 g6 16. Qe2 Bd7 17. Ne4 Be7 18. c5 dxc5 19. d6 Bf6 20. Nxc5 Bc6 21. Ne4
Bg7 22. Rad1 Kh8 23. Bc4 Qh4 24. f3 Rad8 25. Rd2 Bh6 26. g3 Qh3 27. Rd3 Bg7 28.
Rfd1 Qc8 29. b3 h6 30. R3d2 f5 31. Nf2 Qd7 32. Bd5 Rfe8 33. Qc4 Rc8 34. Bf7
Bxf3 35. Bxe8 Rxe8 36. Qc7 Rd8 37. Rc1 Bc6 38. Qxd7 Rxd7 39. a4 Bf8 40. Rcd1 e4
41. Nh3 Kg7 42. Nf4 Kf6 43. Kf1 g5 44. Nd5+ Bxd5 45. Rxd5 Ke6 46. Ke2 Rxd6 47.
Rxd6+ Bxd6 48. Rc1 f4 49. gxf4 gxf4 50. Rc8 Kf5 51. h3 f3+ 52. Ke3 b6 53. Kf2
Kf4 54. Rg8 e3+ 55. Kg1 e2 56. Kf2 Bc5+ 57. Ke1 Bb4+ 0-1

[Event "XXVII Festival A"]
[Site "Arco ITA"]
[Date "2005.10.27"]
[Round "6"]
[White "Niccoli, Paolo"]
[Black "De Andres Gonalons, Fernando"]
[Result "0-1"]
[WhiteElo "1722"]
[BlackElo "2071"]
[PlyCount "64"]
[EventDate "2005.10.22"]

1. e4 e6 2. d4 d5 3. Nc3 dxe4 4. Nxe4 Nd7 5. Nf3 Be7 6. Bd3 Ngf6 7. Nxf6+ Bxf6
8. Qe2 Qe7 9. Bf4 c5 10. c3 cxd4 11. cxd4 O-O 12. O-O Nb6 13. Qe4 g6 14. Ne5
Nd5 15. Bd2 Bd7 16. Ng4 Bg7 17. Nh6+ Kh8 18. Rfe1 Bc6 19. Qg4 Rad8 20. Bg5 Bf6
21. h4 Nb4 22. Bb1 Rd5 23. f4 Bxd4+ 24. Kh1 Rxg5 25. hxg5 Bxb2 26. Bxg6 fxg6
27. Rxe6 Qc7 28. Rae1 Nd5 29. Qe2 Bg7 30. Qc4 Qxf4 31. Qc5 Qh4+ 32. Kg1 Bd4+
0-1

[Event "XXVII Festival A"]
[Site "Arco ITA"]
[Date "2005.10.27"]
[Round "6"]
[White "Ohman, Anders"]
[Black "Antoniacci, Riccardo"]
[Result "1/2-1/2"]
[WhiteElo "2097"]
[BlackElo "1972"]
[PlyCount "147"]
[EventDate "2005.10.22"]

1. c4 e5 2. g3 f5 3. Bg2 Nf6 4. d3 g6 5. b3 Bg7 6. Bb2 d6 7. Nd2 Nc6 8. a3 O-O
9. e3 Qe7 10. Ne2 Bd7 11. O-O Rae8 12. Qc2 Nd8 13. Rae1 Bc6 14. e4 fxe4 15.
dxe4 Ne6 16. h3 Bd7 17. Nc3 Nd4 18. Qd3 c5 19. Nd5 Nxd5 20. exd5 Rf7 21. Bxd4
cxd4 22. Ne4 Bf5 23. Re2 Ref8 24. Kh2 Qd7 25. a4 Bxe4 26. Bxe4 Bh6 27. Bg2 Qf5
28. Be4 Qd7 29. Bg2 Rf6 30. Rc2 Qf5 31. Be4 Qh5 32. Bg2 Qf5 33. Be4 Qd7 34. Bg2
Qf7 35. Be4 Be3 36. Kg2 Bxf2 37. Qe2 Be3 38. Rxf6 Qxf6 39. Ra2 Qg5 40. h4 Qe7
41. Qg4 Qf7 42. Qe6 b6 43. Qxf7+ Rxf7 44. b4 Kf8 45. Rc2 Ke7 46. Bd3 Rf6 47.
Be4 h5 48. Bd3 Kf7 49. Be4 Kg7 50. Bd3 Kh6 51. Be4 g5 52. hxg5+ Kxg5 53. c5
bxc5 54. bxc5 dxc5 55. Rxc5 Kg4 56. Rc2 h4 57. gxh4 Kxh4 58. Rc7 Rf2+ 59. Kh1
Kg3 60. Rg7+ Kf4 61. Bh7 e4 62. d6 d3 63. Rf7+ Ke5 64. d7 Rxf7 65. d8=Q Rxh7+
66. Kg2 d2 67. Qb8+ Ke6 68. Qb3+ Ke5 69. Qb8+ Kd4 70. Qb4+ Kd3 71. Qb3+ Ke2 72.
Qc4+ Kd1 73. Qb3+ Kc1 74. Qc3+ 1/2-1/2